Integration of fuzzy logic and chaos theory /

Guardado en:
Otros Autores: Li, Zhong, 1968-, Halang, Wolfgang A., 1951-, Chen, G.
Formato: Libro
Idioma:English
Publicado: Berlin : Springer, c2006.
Series:Studies in fuzziness and soft computing, v. 187
Materias:
Acceso en línea:Publisher description
Etiquetas: Agregar Etiqueta
Sin Etiquetas, Sea el primero en etiquetar este registro!
LEADER 01086cam a22002897a 4500
001 MAT.inmabb004568
008 050708s2006####gw#a#####b####000#0#eng#d
005 20160316154522.0
245 0 0 |a Integration of fuzzy logic and chaos theory /  |c Zhong Li, Wolfgang A. Halang, Guanrong Chen (eds.). 
260 |a Berlin :  |b Springer,  |c c2006. 
300 |a viii, 625 p. :  |b il. ;  |c 25 cm. 
440 0 |a Studies in fuzziness and soft computing,  |x 1434-9922 ;  |v v. 187 
504 |a Incluye referencias bibliográficas. 
510 4 |a MR,  |c 2008c:37003 
020 |a 3540268995 
020 |a 9783540268994 
700 1 |a Li, Zhong,  |d 1968- 
700 1 |a Halang, Wolfgang A.,  |d 1951- 
700 1 |a Chen, G.  |q (Guanrong) 
650 0 |a Fuzzy logic. 
650 0 |a Chaotic behavior in systems. 
084 |a 37-06 (03B52 37D45 37N35 68-06 93-06 93C42)  |2 msc2000 
010 |a  2005930453 
016 7 |a 975228889  |2 GyFmDB 
040 |a OHX  |c OHX  |d BAKER  |d VPI  |d NLGGC  |d DLC 
856 4 2 |3 Publisher description  |u http://www.loc.gov/catdir/enhancements/fy0663/2005930453-d.html 
859 |h 37  |i In61  |p A-8461  |b BIB. MATEMATICA